000 00451cam a22001337a 4500
008 180718bn.d. xxu||||| |||| 00| 0 eng d
082 _aP2x54112 N131
245 _aA report of the survey of preferances and aspirations of students in Nagaland
_cby Naga Institute of Culture, Kohima
260 _aKohima
_bN.I.C.
_cn.d.
300 _av.p.
500 _aCyclostyled
650 _aStudents - India - Nagaland
700 _aNaga Institute of Culture, Kohima
999 _c477104
_d477104